| 000 | 00732nam a2200265Ia 4500 | ||
|---|---|---|---|
| 001 | dia_2784 | ||
| 003 | CHAP | ||
| 005 | 20251027152405.0 | ||
| 008 | 220117s1998 xx 000 0 und d | ||
| 010 | _a173285 | ||
| 040 | _cCHAP | ||
| 082 | _a664.1 G4 | ||
| 110 |
_aGeplacea _9153496 |
||
| 245 |
_aSubproductos y Derivados de la Agroindustria Azucarera / _c por Geplacea |
||
| 260 |
_aMéxico, Geplacea _c1998 |
||
| 300 | _a468P. | ||
| 410 | _aSERIE DIVERSIFICACION | ||
| 500 | _aD. | ||
| 650 |
_aAzúcar _xsubproductos _9153497 |
||
| 650 |
_aCaña de azúcar _xderivados _9153498 |
||
| 901 | _a664.1 G4 | ||
| 902 | _aM | ||
| 905 | _a0000001998 MEXA 0000000000ESP00 | ||
| 942 |
_cLIBRO _2ddc |
||
| 999 |
_c173285 _d173285 |
||